000 00313nam a22001337a 4500
008 171010b xxu||||| |||| 00| 0 eng d
020 _a9780495804611
041 _aeng
080 _26TH
_a316
100 _a50
101 _aSOC
245 _aTHE PRINCIPLES OF LEARNING AND BEHAVIOR
_cDOMJAN,M
942 _2udc
_cBK
999 _c32979
_d32979